Villes d'Europe sur une carte par lettre - V - Statistiques

Statistiques générales
  • Ce quiz a été pris 205 fois
  • Le résultat moyen est 7 sur 10
Réponses sur la Carte
Les réponses sont colorées sur une échelle allant du rouge au vert en fonction du pourcentage des utilisateurs qui les ont devinées à leur premier essai. Vous pouvez retrouver ces pourcentages ci-dessous.
 
Statistiques - réponses
Ville en V % Correct
Vienne
97%
Valence
96%
Varsovie
93%
Venise
91%
Vilnius
85%
Valette (La)
79%
Vaduz
60%
Villeurbanne
59%
Valladolid
55%
Varna
28%
Aucun quiz correspondant
Distribution des résultats
% des personnes avec chaque résultat
Percentile par nombre de réponses
Votre historique - résultats
Vous n’avez pas pris ce quiz